Make your own dress patterns / (رقم التسجيلة. 31504)

تفاصيل مارك
000 -الفاتح
حقل البيانات ثابتة الطول 00755nam a2200265 i 4500
001 - رقم الضبط
رقم الضبط 379746
003 - محدد رقم الضبط
رقم الضبط OSt
005 - وقت وتاريخ اخر تعامل مع التسجيلة
رقم الضبط 20150408114145.0
008 - عناصر البيانات ثابتة الطول - معلومات عامة
حقل البيانات ثابتة الطول 780308s1977 enka 001 0 eng
010 ## - رقم ضبط مكتبة الكونجرس
رقم ضبط مكتبة الكونجرس 78300358
015 ## - رقم الببليوجرافية الوطنية
رقم الببليوجرافية الوطنية GB***
020 ## - الرقم الدولى المعيارى للكتب
الرقم الدولى المعيارى للكتاب 0713403896 :
شروط الاتاحة �4.50
020 ## - الرقم الدولى المعيارى للكتب
الرقم الدولى المعيارى للكتاب 9780486452548
040 ## - مصدر الفهرسة
وكالة الفهرسة الأصلية DLC
وكالة النسخ DLC
وكالة التعديل DLC
050 00 - رقم طلب مكتبة الكونجرس
رقم التصنيف TT520
رقم المادة .R35
082 00 - رقم تصنيف ديوى العشرى
رقم التصنيف 646.43
رقم الطبعة 22
رقم المادة MAM
100 1# - المدخل الرئيسى - إسم شخصى
الإسم الشخصى Margolis, Asele P
9 (RLIN) 38385
245 10 - بيان العنوان
العنوان Make your own dress patterns /
بيان المسئوليه,etc [by] Asele P. Margolis..
260 ## - PUBLICATION, DISTRIBUTION, ETC. (IMPRINT)
مكان الناشر او الموزع London :
اسم الناشر او الموزع Batsford,
تاريخ النشر أو التوزيع 1977.
300 ## - الوصف المادى
التعداد 119 p. :
تفاصيل ماديه اخرى للوعاء ill., diags. ;
أبعاد الوعاء 26 cm.
500 ## - تبصرة عامة
تبصرة عامة Includes index.
650 #0 - المدخل الاضافى بالموضوع-مصطلح موضوعى
مصطلح موضوعي أو اسم جغرافي كعنصر مدخل Dressmaking
التقسيم الفرعي العام Pattern design.
9 (RLIN) 19004
906 ## - عنصر بيانات محلى F, LDF (RLIN)
a 7
b cbc
c orignew
d 4
e ncip
f 19
g y-gencatlg
942 ## - عناصر المدخل الإضافي( كوها)
مصدر التصنيف او مخطط الترفيف Dewey Decimal Classification
Koha [default] item type كتاب
المقتنيات
حالة الفقد نموذج السعر الفعال حالة تلف ليس للاعارة رقم الطلب تاريخ الاكتساب الموقع الحالي الباركود الفرع الرئيسي Date last seen نوع المادة فى نظام كوها مصدر التصنيف او خطة الترفيف Total Checkouts
  2013-10-27     646.43 MAM 2013-10-27 المكتبة المركزية بالمجمعة (CL) 00402262 المكتبة المركزية بالمجمعة (CL) 2013-10-27 كتاب Dewey Decimal Classification  
  2013-10-27     646.43 MAM 2013-10-27 المكتبة المركزية بالمجمعة (CL) 00402263 المكتبة المركزية بالمجمعة (CL) 2013-10-27 كتاب Dewey Decimal Classification  
  2013-10-27     646.43 MAM 2013-10-27 المكتبة المركزية بالمجمعة (CL) 00402264 المكتبة المركزية بالمجمعة (CL) 2013-10-27 كتاب Dewey Decimal Classification  
  2013-10-27     646.43 MAM 2013-10-27 مكتبة مجمع الكليات بالزلفى - طلاب (SZM) 00402265 مكتبة مجمع الكليات بالزلفى - طلاب (SZM) 2013-10-27 كتاب Dewey Decimal Classification  
  2013-10-27     646.43 MAM 2013-10-27 مكتبة مجمع الكليات بالزلفى - طلاب (SZM) 00402266 مكتبة مجمع الكليات بالزلفى - طلاب (SZM) 2013-10-27 كتاب Dewey Decimal Classification